La vida en común: familia y vida privada en Chile y el medio rural en la segunda mitad del siglo XX
Đã lưu trong:
| Tác giả chính: | |
|---|---|
| Định dạng: | Sách |
| Ngôn ngữ: | Tiếng Tây Ban Nha |
| Được phát hành: |
Santiago, Chile:
LOM Ediciones,
2007
|
| Phiên bản: | 1a. ed |
| Loạt: | Historia
|
| Những chủ đề: | |
| Các nhãn: |
Thêm thẻ
Không có thẻ, Là người đầu tiên thẻ bản ghi này!
|
MARC
| LEADER | 00000cam a2200000 a 4500 | ||
|---|---|---|---|
| 001 | UCI5310 | ||
| 003 | CL-VaPUC | ||
| 005 | 20240401121850.0 | ||
| 008 | 080320e20070000CL |||||||||||||||||spa|d | ||
| 999 | |c 329063 |d 329061 | ||
| 020 | |a 9789562829274 | ||
| 040 | |c Pontificia Universidad Católica de Valparaíso | ||
| 082 | 0 | 4 | |a 306.8 VAL 2007 |2 21 |
| 100 | 0 | |a Valdés S., Ximena |e autora |9 527609 | |
| 245 | 1 | 3 | |a La vida en común: familia y vida privada en Chile y el medio rural en la segunda mitad del siglo XX |
| 250 | |a 1a. ed | ||
| 260 | |a Santiago, Chile: |b LOM Ediciones, |c 2007 | ||
| 300 | |a 415 páginas | ||
| 490 | 0 | |a Historia | |
| 500 | |a c.8. Compra Prof. Mauricio Molina - Memo Historia 007/ 10-11-2021. | ||
| 583 | |a last modification |c 20180227 06:36:42 |k Rodrigo Vera | ||
| 650 | 0 | |a Sociología |9 255410 | |
| 650 | 0 | |a Familias |9 255641 | |
| 650 | 0 | |a Estructura familiar |2 CL-VaPUC |9 317365 | |
| 650 | 0 | |a Integración social |9 319662 | |
| 650 | 0 | |a Familia rural |2 CL-VaPUC |9 527610 |z Chile |y Siglo 20 | |
| 942 | |c BK |2 ddc | ||
| 945 | |d 20080320 00:00:00 |a rbrito | ||
| 952 | |0 0 |1 0 |4 0 |6 306_800000000000000_VAL_2007 |7 0 |8 A |9 413371 |a BIBHIS |b BIBHIS |d 2019-11-22 |i 4417917 |l 1 |o 306.8 VAL 2007 |p 4417917 |r 2025-01-20 |s 2024-04-12 |w 2019-11-22 |y BK |k HIS | ||
| 952 | |0 0 |1 0 |4 0 |6 306_800000000000000_VAL_2007 |7 0 |8 X |9 413372 |a FDOMLP |b FDOMLP |d 2019-11-22 |i 4408586 |o 306.8 VAL 2007 |p 4408586 |r 2019-11-22 |w 2019-11-22 |y BK_X |k BU2 | ||
| 952 | |0 0 |1 0 |4 0 |6 306_800000000000000_VAL_2007 |7 0 |8 A |9 413373 |a BIBHIS |b BIBHIS |d 2019-11-22 |i 4629329 |l 2 |m 2 |o 306.8 VAL 2007 |p 4629329 |r 2025-01-20 |s 2023-05-15 |w 2019-11-22 |y BK |k HIS | ||
| 952 | |0 0 |1 0 |3 erb |4 0 |6 306_800000000000000_VAL_2007 |7 0 |8 A |9 413374 |a BIBING |b BIBING |i 5045312 |o 306.8 VAL 2007 |p 5045312 |r 2025-01-20 |w 2019-11-22 |y BK |z Catalogado en:20140109 |k GEO | ||
| 952 | |0 0 |1 0 |3 erb |4 0 |6 306_800000000000000_VAL_2007 |7 0 |8 A |9 413375 |a BIBGIM |b BIBGIM |i 5068401 |o 306.8 VAL 2007 |p 5068401 |r 2025-01-15 |w 2019-11-22 |y BK |z Catalogado en:20140409 |k SSL | ||
| 952 | |0 0 |1 0 |3 erb |4 0 |6 306_800000000000000_VAL_2007 |7 0 |8 A |9 413376 |a BIBGIM |b BIBGIM |i 506841K |l 3 |o 306.8 VAL 2007 |p 506841K |r 2025-01-15 |s 2023-04-03 |w 2019-11-22 |y BK |z Catalogado en:20140409 |k SSL | ||
| 952 | |0 0 |1 0 |3 erb |4 0 |6 306_800000000000000_VAL_2007 |7 0 |8 A |9 413377 |a BIBGIM |b BIBGIM |i 5068428 |l 1 |m 2 |o 306.8 VAL 2007 |p 5068428 |r 2025-01-15 |s 2023-03-20 |w 2019-11-22 |y BK |z Catalogado en:20140409 |k SSL | ||
| 952 | |0 0 |1 0 |3 erb |4 0 |6 306_800000000000000_VAL_2007 |7 0 |8 A |9 413378 |a BIBGIM |b BIBGIM |i 5292476 |l 2 |o 306.8 VAL 2007 |p 5292476 |r 2025-01-15 |s 2023-03-27 |w 2019-11-22 |y BK |z Catalogado en:20160609 |k SSL | ||
| 952 | |0 0 |1 0 |2 ddc |4 0 |6 306_800000000000000_VAL_2007 |7 0 |8 A |9 582433 |a BIBHIS |b BIBHIS |c GEN |d 2022-04-06 |e Compra |i 5650543 |l 3 |o 306.8 VAL 2007 |p 5650543 |r 2025-01-20 |s 2022-11-15 |t 8 |w 2022-04-05 |y BK |k HIS | ||